[Event "VI Open Internacional Memorial Pedro Lez"]
[Site "Ateneo Municipal de Vecindario"]
[Date "2013.03.26"]
[Round "2"]
[White "Guedes Lopez, Mario"]
[Black "Sanabria Taskila, Jenny Maria"]
[Result "1-0"]
[WhiteElo "1619"]
[BlackElo "1270"]
[PlyCount "45"]
[EventDate "2013.03.25"]
[EventRounds "9"]
[EventCountry "ESP"]

1. b3 d5 2. e3 e5 3. Bb2 Nc6 4. Bb5 Bd6 5. f4 Bd7 6. Nf3 f6 7. Bxc6 Bxc6 8.
fxe5 fxe5 9. O-O Nf6 10. Nxe5 Bxe5 11. Bxe5 O-O 12. d3 Qe7 13. Bd4 Bd7 14. Nc3
c5 15. Bxf6 Rxf6 16. Nxd5 Rxf1+ 17. Qxf1 Qg5 18. e4 Bh3 19. Qf3 Qe5 20. Rf1 Bd7
21. Qf7+ Kh8 22. Qf8+ Rxf8 23. Rxf8# 1-0

[Event "VI Open Internacional Memorial Pedro Lez"]
[Site "Ateneo Municipal de Vecindario"]
[Date "2013.03.26"]
[Round "2"]
[White "Gonzalez Ortega, Pino"]
[Black "Sanchez Ramirez, Gustavo"]
[Result "1-0"]
[WhiteElo "1344"]
[BlackElo "1607"]
[PlyCount "101"]
[EventDate "2013.03.25"]
[EventRounds "9"]
[EventCountry "ESP"]

1. d4 d5 2. c4 Nf6 3. Nc3 e6 4. Bg5 Be7 5. e3 O-O 6. Nf3 c6 7. Qc2 dxc4 8. Bxc4
Nd5 9. Bxe7 Qxe7 10. O-O Nd7 11. a3 b5 12. Bd3 Nxc3 13. bxc3 g6 14. Be4 Bb7 15.
a4 bxa4 16. Rxa4 Nb6 17. Ra5 Nd5 18. Rfa1 a6 19. Bd3 Nc7 20. Nd2 f5 21. Nb3 Ra7
22. Nc5 Ba8 23. Bc4 Kg7 24. Qb3 Nd5 25. Rxa6 Rxa6 26. Rxa6 Kf6 27. Nd3 Qc7 28.
Qa3 Rb8 29. Rxa8 Rb1+ 30. Nc1 Qb7 31. Ra6 Qb2 32. Qxb2 Rxb2 33. Na2 Rb1+ 34.
Bf1 Ra1 35. Nb4 Rxa6 36. Bxa6 Nxc3 37. Nxc6 h5 38. Bc4 g5 39. Kf1 g4 40. h3 Ne4
41. Ke2 gxh3 42. gxh3 h4 43. Ne5 Ng5 44. Nf3 Nxh3 45. Kf1 f4 46. e4 Ng5 47.
Nxg5 Kxg5 48. Bxe6 Kf6 49. Bh3 f3 50. Ke1 Ke7 51. e5 1-0

[Event "VI Open Internacional Memorial Pedro Lez"]
[Site "Ateneo Municipal de Vecindario"]
[Date "2013.03.26"]
[Round "2"]
[White "Garcia Lorenzo, Jaime"]
[Black "Aleman Alamo, Nicolas"]
[Result "0-1"]
[WhiteElo "1265"]
[BlackElo "1558"]
[PlyCount "80"]
[EventDate "2013.03.25"]
[EventRounds "9"]
[EventCountry "ESP"]

1. e4 e6 2. d4 d5 3. e5 c5 4. c3 Nc6 5. Nf3 Qc7 6. a3 cxd4 7. cxd4 Nge7 8. Nc3
a6 9. b4 b5 10. Be2 Nf5 11. O-O Qb6 12. Be3 Be7 13. Qd2 Bd7 14. Bd1 O-O 15. Ne2
a5 16. Bg5 Bxg5 17. Qxg5 Nfxd4 18. Nfxd4 Nxd4 19. Nf4 h6 20. Qg4 Nf5 21. Nh5
Kh8 22. Bc2 Rg8 23. Bxf5 exf5 24. Qf4 Kh7 25. Ng3 g5 26. Qf3 Qe6 27. Nh5 Qxe5
28. Rae1 Qd6 29. Rd1 d4 30. g4 Kg6 31. Ng3 fxg4 32. Qe4+ Kg7 33. Rxd4 Qe6 34.
Nh5+ Kh8 35. Qd3 Qg6 36. Qc3 Rac8 37. Rxd7+ Rxc3 38. Ng3 Rgc8 39. Ne2 Rxa3 40.
Kg2 Qc6+ 0-1

[Event "VI Open Internacional Memorial Pedro Lez"]
[Site "Ateneo Municipal de Vecindario"]
[Date "2013.03.27"]
[Round "3"]
[White "Herrera Reyes, Jose Antonio"]
[Black "Larino Nieto, David"]
[Result "0-1"]
[WhiteElo "2252"]
[BlackElo "2508"]
[PlyCount "130"]
[EventDate "2013.03.25"]
[EventRounds "9"]
[EventCountry "ESP"]

1. e4 e5 2. Nf3 Nc6 3. Bc4 Bc5 4. O-O d6 5. c3 Bg4 6. d3 Qf6 7. Bg5 Qg6 8. Nbd2
Bb6 9. Kh1 f5 10. h3 h5 11. exf5 Qxf5 12. Ne4 Bxf3 13. Qxf3 Qxf3 14. gxf3 Nge7
15. Be6 d5 16. Ng3 Nd8 17. Bf5 Nxf5 18. Nxf5 Ne6 19. Bh4 Rf8 20. Ne3 Rxf3 21.
Kg2 e4 22. Nxd5 Rxd3 23. Nxb6 axb6 24. Rfe1 Ra4 25. Bg3 Rd2 26. b3 Raxa2 27.
Rxa2 Rxa2 28. Rxe4 Kd7 29. h4 Rb2 30. b4 Rc2 31. Re3 b5 32. Rd3+ Ke7 33. Re3 c6
34. Be5 Rd2 35. Bxg7 Kf7 36. Be5 Rd5 37. Kf3 Rd2 38. Ke4 Rxf2 39. Rf3+ Rxf3 40.
Kxf3 Nf8 41. Ke4 Ke6 42. Bg3 Ng6 43. Bf2 Ne7 44. Kd4 Nd5 45. Be1 Kf5 46. Bd2 b6
47. Bg5 Nf4 48. Ke3 Ne6 49. Be7 Ke5 50. Kf3 Kd5 51. Ke3 c5 52. Kd3 Ng7 53. Bf6
Nf5 54. Bd8 c4+ 55. Ke2 Ke4 56. Bg5 Ng7 57. Bd8 Ne6 58. Bxb6 Nf4+ 59. Kd2 Kf3
60. Bd8 Nh3 61. Be7 Nf2 62. Bd8 Ne4+ 63. Kc2 Ke2 64. Bg5 Ng3 65. Bf4 Nf5 0-1

[Event "VI Open Internacional Memorial Pedro Lez"]
[Site "Ateneo Municipal de Vecindario"]
[Date "2013.03.27"]
[Round "3"]
[White "Barlov, Dragan"]
[Black "Robin, Samy"]
[Result "1-0"]
[WhiteElo "2454"]
[BlackElo "2254"]
[PlyCount "121"]
[EventDate "2013.03.25"]
[EventRounds "9"]
[EventCountry "ESP"]

1. Nf3 b5 2. g3 Bb7 3. Bg2 e6 4. O-O Nf6 5. d4 Be7 6. Bg5 Qc8 7. c3 d6 8. a4 a6
9. axb5 axb5 10. Rxa8 Bxa8 11. Qb3 Bc6 12. Nbd2 Nbd7 13. Re1 Qb7 14. Qc2 h6 15.
Bxf6 Bxf6 16. e4 O-O 17. b4 Qb6 18. Nb3 Bb7 19. Na5 Ba8 20. Ra1 Be7 21. Qd3 Nf6
22. Nd2 c5 23. e5 dxe5 24. dxc5 Qd8 25. Qxd8 Rxd8 26. Bxa8 Rxa8 27. Nf3 Nd5 28.
Nxe5 Bf6 29. Re1 Nxc3 30. Nd7 Nd5 31. Nb6 Rb8 32. Nc6 Rb7 33. Nxd5 exd5 34. Rd1
Rc7 35. Nd4 Rb7 36. Kf1 Kf8 37. Ke2 Re7+ 38. Kf3 Re4 39. c6 Bxd4 40. c7 Re8 41.
Rxd4 Rc8 42. Rxd5 Rxc7 43. Rxb5 g6 44. Ke3 Rc3+ 45. Kd2 Rf3 46. Ke2 Rb3 47. Rb7
Kg7 48. b5 h5 49. h4 Kf6 50. b6 Rb2+ 51. Ke3 Rb3+ 52. Kd4 Rb2 53. Kc3 Rb1 54.
Kd4 Ke6 55. Rb8 Kf5 56. Kc5 Kg4 57. Rf8 f5 58. Rf6 Kf3 59. Rxg6 Kxf2 60. Rg5
Ra1 61. b7 1-0

[Event "VI Open Internacional Memorial Pedro Lez"]
[Site "Ateneo Municipal de Vecindario"]
[Date "2013.03.27"]
[Round "3"]
[White "De La Cruz Sanchez, Carlos G"]
[Black "Brochet, Philippe"]
[Result "0-1"]
[WhiteElo "2242"]
[BlackElo "2396"]
[PlyCount "106"]
[EventDate "2013.03.25"]
[EventRounds "9"]
[EventCountry "ESP"]

1. e4 c5 2. c3 d5 3. exd5 Qxd5 4. d4 Nc6 5. Nf3 Bf5 6. Be2 cxd4 7. cxd4 Bxb1 8.
Rxb1 Qxa2 9. Be3 e6 10. O-O Nf6 11. Ne5 Qa5 12. Qb3 Qb4 13. Qc2 Rc8 14. Bf3 Bd6
15. Nxc6 bxc6 16. Bxc6+ Ke7 17. Rfc1 Rc7 18. Qa4 Rb8 19. Qxb4 Rxb4 20. h3 Nd5
21. Bxd5 exd5 22. Re1 Kd7 23. Bd2 Rbc4 24. Bc3 Bb4 25. Re5 Kd6 26. Ra1 Bxc3 27.
bxc3 f6 28. Rh5 g6 29. Rh6 Rxc3 30. Kh2 R3c4 31. Ra6+ R4c6 32. Ra3 a6 33. h4
Rf7 34. Kh3 Ke7 35. h5 g5 36. f4 g4+ 37. Kxg4 f5+ 38. Kg5 Rg7+ 39. Rg6 hxg6 40.
h6 Rh7 41. Rb3 Kd8 42. Rb8+ Kc7 43. Rg8 Kb6 44. Rb8+ Ka7 45. Rd8 a5 46. Rxd5 a4
47. Re5 a3 48. Re2 Ra6 49. Ra2 Kb7 50. d5 Kc8 51. d6 Rha7 52. Rc2+ Kd8 53. g4
a2 0-1

[Event "VI Open Internacional Memorial Pedro Lez"]
[Site "Ateneo Municipal de Vecindario"]
[Date "2013.03.27"]
[Round "3"]
[White "Vega Gutierrez, Belinda"]
[Black "Gutierrez Olivares, Daniel"]
[Result "1/2-1/2"]
[WhiteElo "2190"]
[BlackElo "2367"]
[PlyCount "51"]
[EventDate "2013.03.25"]
[EventRounds "9"]
[EventCountry "ESP"]

1. e4 e5 2. d4 Nc6 3. Nf3 exd4 4. Bc4 Nf6 5. e5 d5 6. Bb5 Ne4 7. Nxd4 Bd7 8.
Bxc6 bxc6 9. O-O Be7 10. f3 Nc5 11. f4 O-O 12. Nc3 f5 13. Be3 Qb8 14. Nb3 Ne6
15. Ne2 g5 16. Ned4 Nd8 17. Nf3 Be6 18. a4 Qb4 19. c3 Qb8 20. Rb1 Nb7 21. Nbd4
Nd8 22. Nb3 Nb7 23. Nbd4 Nd8 24. Nb3 Nb7 25. Nbd4 Nd8 26. Nb3 1/2-1/2

[Event "VI Open Internacional Memorial Pedro Lez"]
[Site "Ateneo Municipal de Vecindario"]
[Date "2013.03.27"]
[Round "3"]
[White "Vega Gutierrez, Sabrina"]
[Black "Rodriguez Ferraz, Borja"]
[Result "1-0"]
[WhiteElo "2364"]
[BlackElo "2196"]
[PlyCount "89"]
[EventDate "2013.03.25"]
[EventRounds "9"]
[EventCountry "ESP"]

1. d4 Nf6 2. c4 e6 3. Nc3 Bb4 4. e3 O-O 5. Bd3 d5 6. cxd5 exd5 7. Nge2 c6 8.
Bd2 Bd6 9. Qc2 Bg4 10. f3 Bh5 11. Ng3 Bg6 12. Nf5 Bxf5 13. Bxf5 g6 14. Bh3 Nh5
15. O-O Qc7 16. f4 f5 17. b4 Nf6 18. b5 Nbd7 19. bxc6 bxc6 20. Rfc1 Nb6 21. g3
Nc4 22. Bf1 Ba3 23. Rcb1 Nxd2 24. Qxd2 Qa5 25. Rb3 Rfe8 26. Nb1 Qxd2 27. Nxd2
Bf8 28. Rc1 Re6 29. Nf3 Ng4 30. Ne5 Nxe5 31. fxe5 Rc8 32. Bg2 Rd8 33. Rb7 a5
34. Rb6 Rc8 35. Rbxc6 Rcxc6 36. Rxc6 Rxc6 37. Bxd5+ Kg7 38. Bxc6 Bb4 39. Kf2
Kf7 40. e4 fxe4 41. Ke3 Ke7 42. Kxe4 Bd2 43. d5 h5 44. d6+ Kf7 45. Kd5 1-0

[Event "VI Open Internacional Memorial Pedro Lez"]
[Site "Ateneo Municipal de Vecindario"]
[Date "2013.03.27"]
[Round "3"]
[White "Brito Garcia, Alfredo"]
[Black "Illijin, Neboisa"]
[Result "1/2-1/2"]
[WhiteElo "2313"]
[BlackElo "2167"]
[PlyCount "85"]
[EventDate "2013.03.25"]
[EventRounds "9"]
[EventCountry "ESP"]

1. c4 c5 2. g3 Nc6 3. Bg2 g6 4. Nf3 Bg7 5. Nc3 d6 6. O-O e5 7. d3 Nge7 8. a3 a5
9. Ne1 O-O 10. Rb1 Be6 11. Nd5 Rb8 12. Bg5 f6 13. Bd2 b5 14. b3 Bf7 15. Nc2
Nxd5 16. cxd5 Nd4 17. Na1 b4 18. a4 Qc7 19. e3 Nf5 20. Nc2 Rbe8 21. Bc1 g5 22.
Bb2 Ne7 23. e4 f5 24. f4 gxf4 25. gxf4 fxe4 26. dxe4 exf4 27. Bxg7 Kxg7 28.
Rxf4 Ng6 29. Rg4 Kh8 30. Ne3 Ne5 31. Rg3 Bg6 32. Qe2 Rf4 33. Rf1 Ref8 34. Rxf4
Rxf4 35. Qd2 Rf7 36. Qe2 Qe7 37. Qa6 Qf6 38. Qe2 Qf4 39. Nf1 Qc1 40. Qa6 Qf4
41. Qe2 Qc1 42. Qa6 Qf4 43. Qe2 1/2-1/2

[Event "VI Open Internacional Memorial Pedro Lez"]
[Site "Ateneo Municipal de Vecindario"]
[Date "2013.03.27"]
[Round "3"]
[White "Menvielle Laccourreye, Augusto"]
[Black "Martinez Ramirez, Erik"]
[Result "0-1"]
[WhiteElo "2150"]
[BlackElo "2302"]
[PlyCount "40"]
[EventDate "2013.03.25"]
[EventRounds "9"]
[EventCountry "ESP"]

1. e4 c5 2. c3 d5 3. exd5 Qxd5 4. d4 cxd4 5. cxd4 Nc6 6. Nf3 Bg4 7. Nc3 Bxf3 8.
Nxd5 Bxd1 9. Nc7+ Kd7 10. Nxa8 Bh5 11. d5 Nd4 12. Be3 Nc2+ 13. Kd2 Nxe3 14.
Bb5+ Kd6 15. fxe3 Nf6 16. Rhc1 g5 17. Rc7 Bg7 18. Rxb7 Rxa8 19. Rc1 Ne4+ 20.
Ke1 Nc5 0-1

[Event "VI Open Internacional Memorial Pedro Lez"]
[Site "Ateneo Municipal de Vecindario"]
[Date "2013.03.27"]
[Round "3"]
[White "Meneses Gonzalez, Kevin Moises"]
[Black "Acosta Sosa, Juan Manuel"]
[Result "1/2-1/2"]
[WhiteElo "2302"]
[BlackElo "2150"]
[PlyCount "82"]
[EventDate "2013.03.25"]
[EventRounds "9"]
[EventCountry "ESP"]

1. e4 c5 2. Nf3 Nc6 3. d4 cxd4 4. Nxd4 Qc7 5. Nc3 e6 6. Be2 a6 7. O-O Nf6 8.
Be3 Bb4 9. Na4 Be7 10. c4 O-O 11. Nc3 b6 12. Nxc6 dxc6 13. f4 Rd8 14. Qe1 e5
15. fxe5 Ng4 16. Bxg4 Bxg4 17. Qf2 Be6 18. Bxb6 Qxe5 19. Nd5 Bd6 20. g3 Re8 21.
Rfe1 f6 22. Bd4 Qg5 23. Ne3 h5 24. Rad1 Bb4 25. Re2 Bf7 26. a3 Bf8 27. Qf5 Qxf5
28. Nxf5 Bxc4 29. Ree1 Rad8 30. Rc1 Bd3 31. Bc5 Bxe4 32. Bxf8 Kxf8 33. Ne3 Rd2
34. b4 Red8 35. Rc5 Kf7 36. Rxh5 g5 37. g4 Ra2 38. Nf5 Bxf5 39. gxf5 Rdd2 40.
Rh7+ Kg8 41. Rc7 Rg2+ 1/2-1/2

[Event "VI Open Internacional Memorial Pedro Lez"]
[Site "Ateneo Municipal de Vecindario"]
[Date "2013.03.27"]
[Round "3"]
[White "Sarmiento Afonso, Santiago"]
[Black "Bressac, Stephane"]
[Result "1/2-1/2"]
[WhiteElo "2141"]
[BlackElo "2284"]
[PlyCount "82"]
[EventDate "2013.03.25"]
[EventRounds "9"]
[EventCountry "ESP"]

1. e4 c5 2. Nc3 Nc6 3. f4 g6 4. Nf3 Bg7 5. Bb5 Nf6 6. O-O O-O 7. d3 d6 8. Bxc6
bxc6 9. Qe1 Bg4 10. Qh4 Bxf3 11. Rxf3 e6 12. f5 exf5 13. Bg5 h6 14. Bxh6 fxe4
15. Bxg7 Kxg7 16. dxe4 Nd7 17. Qf4 Ne5 18. Rh3 Rh8 19. Rxh8 Kxh8 20. Qh6+ Kg8
21. Rf1 Rb8 22. Nd1 Qf8 23. Qg5 Qd8 24. Qh6 Rb4 25. Rf4 Rd4 26. Ne3 Qe7 27. Rh4
Qf6 28. Rf4 Qg7 29. Qg5 Nd7 30. c3 f6 31. Qg4 Rd3 32. Qe2 Ne5 33. Ng4 Qe7 34.
Nxf6+ Kg7 35. Ng4 Qg5 36. Nxe5 Qxe5 37. Qxd3 Qxf4 38. Qe2 Qc1+ 39. Kf2 Qf4+ 40.
Kg1 Qc1+ 41. Kf2 Qf4+ 1/2-1/2

[Event "VI Open Internacional Memorial Pedro Lez"]
[Site "Ateneo Municipal de Vecindario"]
[Date "2013.03.27"]
[Round "3"]
[White "Ramirez Medina, Victor"]
[Black "Lopez Colon, Francisco"]
[Result "1-0"]
[WhiteElo "1930"]
[BlackElo "2045"]
[PlyCount "91"]
[EventDate "2013.03.25"]
[EventRounds "9"]
[EventCountry "ESP"]

1. e4 d6 2. d4 Nf6 3. Nc3 g6 4. f4 Bg7 5. Nf3 O-O 6. Bd3 Na6 7. O-O c5 8. d5
Bg4 9. Bc4 Nc7 10. h3 Bxf3 11. Qxf3 Nd7 12. a4 Nb6 13. Be2 f5 14. Rd1 Kh8 15.
a5 fxe4 16. Qxe4 Nd7 17. Be3 Rb8 18. Bc4 b5 19. axb6 axb6 20. Qd3 Rb7 21. Ra2
Qb8 22. Nb5 Nxb5 23. Bxb5 Ra7 24. Rda1 Rxa2 25. Rxa2 Qc7 26. c3 Nb8 27. Qe4 Qb7
28. Ra1 e5 29. Rf1 Nd7 30. Bc6 Qa7 31. f5 gxf5 32. Rxf5 Qa1+ 33. Kh2 Nf6 34.
Qh4 Qb1 35. Rf2 Qe4 36. Bg5 Qxh4 37. Bxh4 Ng8 38. Rxf8 Bxf8 39. Bd8 Ne7 40.
Bxb6 Nf5 41. b4 Ne3 42. b5 Nc4 43. Bd8 e4 44. b6 Nxb6 45. Bxb6 Bg7 46. Ba5 1-0

[Event "VI Open Internacional Memorial Pedro Lez"]
[Site "Ateneo Municipal de Vecindario"]
[Date "2013.03.27"]
[Round "3"]
[White "Kurajica, Bojan"]
[Black "Strebkovs, Andrejs"]
[Result "1-0"]
[WhiteElo "2539"]
[BlackElo "2331"]
[PlyCount "58"]
[EventDate "2013.03.25"]
[EventRounds "9"]
[EventCountry "ESP"]

1. Nf3 d5 2. d4 c6 3. c4 Nf6 4. Qb3 dxc4 5. Qxc4 Bf5 6. Nbd2 e6 7. g3 Nbd7 8.
Bg2 Be7 9. O-O O-O 10. Qb3 Qb6 11. Nc4 Qa6 12. Re1 Nb6 13. Ncd2 Rad8 14. e4 Bg6
15. Qc3 Qb5 16. Bf1 Qb4 17. a3 Qxc3 18. bxc3 c5 19. a4 cxd4 20. cxd4 a5 21. Ba3
Bxa3 22. Rxa3 Rd7 23. Bd3 Nc8 24. Rc3 Na7 25. Rc5 Rfd8 26. Nb3 Re7 27. Rc3 Nc6
28. h3 h6 29. Bb1 b6 {Ilegible} 1-0

[Event "VI Open Internacional Memorial Pedro Lez"]
[Site "Ateneo Municipal de Vecindario"]
[Date "2013.03.27"]
[Round "3"]
[White "Uta, Adeline-Ramona"]
[Black "Rodriguez Manzaneda, Irene"]
[Result "1-0"]
[WhiteElo "2053"]
[BlackElo "1720"]
[PlyCount "100"]
[EventDate "2013.03.25"]
[EventRounds "9"]
[EventCountry "ESP"]

1. d4 d5 2. Nc3 Nf6 3. Bg5 e6 4. e4 Be7 5. e5 Nfd7 6. h4 Bxg5 7. hxg5 Qxg5 8.
Nf3 Qe7 9. Bd3 c5 10. Nb5 Kd8 11. c3 Nc6 12. Qd2 a6 13. Nd6 f6 14. Nh4 Nf8 15.
f4 c4 16. Bc2 f5 17. O-O-O b5 18. g4 g6 19. gxf5 gxf5 20. Rdg1 Na5 21. Rg3 Ra7
22. Qg2 Rc7 23. Ng6 Nxg6 24. Rxg6 Qf8 25. Rf6 Qg8 26. Nf7+ Ke8 27. Qxg8+ Rxg8
28. Rxh7 Re7 29. Nd6+ Kd7 30. Rxe7+ Kxe7 31. Rf7+ Kd8 32. Bd1 Nc6 33. a4 b4 34.
cxb4 Nxb4 35. a5 Bd7 36. Nb7+ Kc7 37. Nc5 Nd3+ 38. Nxd3 cxd3 39. Ba4 Rd8 40.
Kd2 Kc8 41. Bxd7+ Rxd7 42. Rf8+ Rd8 43. Rxd8+ Kxd8 44. Kxd3 Kc7 45. Kc3 Kb7 46.
Kb3 Kc7 47. Ka4 Kb7 48. b4 Kc6 49. b5+ Kb7 50. bxa6+ Kxa6 1-0

[Event "VI Open Internacional Memorial Pedro Lez"]
[Site "Ateneo Municipal de Vecindario"]
[Date "2013.03.27"]
[Round "3"]
[White "Cobo Mazorra, Alejandro"]
[Black "Gonzalez Intelangelo, Gerardo"]
[Result "0-1"]
[WhiteElo "1685"]
[BlackElo "2022"]
[PlyCount "64"]
[EventDate "2013.03.25"]
[EventRounds "9"]
[EventCountry "ESP"]

1. Nf3 e6 2. g3 d5 3. Bg2 Nf6 4. O-O Be7 5. d3 b6 6. Nbd2 Bb7 7. c3 c5 8. Re1
Nc6 9. e4 Qc7 10. Nf1 dxe4 11. dxe4 Rd8 12. Qe2 O-O 13. e5 Nd7 14. Bf4 Rfe8 15.
Ne3 Nf8 16. Ng4 Ng6 17. Bg5 h5 18. Nf6+ gxf6 19. Bxf6 Bxf6 20. exf6 Rd5 21. h4
Qd8 22. Ng5 Re5 23. Qxh5 Rxe1+ 24. Rxe1 Qxf6 25. Qh7+ Kf8 26. Qh6+ Qg7 27. Qh5
Nd8 28. Bf1 Ke7 29. Rd1 Qf6 30. Bb5 Bc6 31. Bd3 Rh8 32. Nh7 Rxh7 0-1

[Event "VI Open Internacional Memorial Pedro Lez"]
[Site "Ateneo Municipal de Vecindario"]
[Date "2013.03.27"]
[Round "3"]
[White "Ramirez Maillo, Juan Adonay"]
[Black "Cruz Pino, Adrian"]
[Result "1/2-1/2"]
[WhiteElo "1654"]
[BlackElo "1986"]
[PlyCount "87"]
[EventDate "2013.03.25"]
[EventRounds "9"]
[EventCountry "ESP"]

1. e4 e5 2. Nf3 Nc6 3. Bc4 Be7 4. c3 Nf6 5. d3 O-O 6. Nbd2 d6 7. Bb3 Na5 8. Bc2
c5 9. Nf1 Nc6 10. Ng3 Re8 11. O-O b5 12. a3 a5 13. Qe2 Rb8 14. h3 Qc7 15. Re1
b4 16. axb4 axb4 17. Ba4 h6 18. Nh4 Kh7 19. Nhf5 Bf8 20. Qf3 Ng8 21. Ne3 Be6
22. Nd5 Qc8 23. cxb4 cxb4 24. Be3 Qb7 25. Bxc6 Qxc6 26. Rec1 Qd7 27. Ra7 Rb7
28. Rc7 Rxa7 29. Rxa7 Qc8 30. Nc7 Re7 31. Nxe6 Qxe6 32. Qf5+ Qxf5 33. Nxf5 Rxa7
34. Bxa7 g6 35. Ne3 Ne7 36. Nc4 Nc6 37. Bb6 b3 38. Bc7 Nb4 39. Bxd6 Bxd6 40.
Nxd6 Nxd3 41. Nc4 f5 42. f3 Kg7 43. Kf1 Kf6 44. g3 1/2-1/2

[Event "VI Open Internacional Memorial Pedro Lez"]
[Site "Ateneo Municipal de Vecindario"]
[Date "2013.03.27"]
[Round "3"]
[White "Suarez Ramirez, Jonay"]
[Black "De La Hoz Sanchez, Ruben"]
[Result "1-0"]
[WhiteElo "1600"]
[BlackElo "1969"]
[PlyCount "93"]
[EventDate "2013.03.25"]
[EventRounds "9"]
[EventCountry "ESP"]

1. d4 g6 2. c4 Bg7 3. Nc3 c5 4. d5 d6 5. e4 Nf6 6. Nf3 Na6 7. Bd3 Rb8 8. Bf4
Bd7 9. O-O O-O 10. Re1 Nh5 11. Bg5 Nc7 12. Qd2 a6 13. e5 dxe5 14. d6 f6 15.
dxc7 Qxc7 16. Nd5 Qd6 17. Bh6 Bc6 18. Bxg7 Kxg7 19. Be4 f5 20. Bc2 e4 21. Qc3+
Nf6 22. Nxf6 exf6 23. Ng5 Rfe8 24. Nh3 Qd4 25. Rad1 Qxc3 26. bxc3 Rbd8 27. Nf4
Kf7 28. Nd5 Rd6 29. Nc7 Red8 30. Rxd6 Rxd6 31. Rd1 Ke7 32. Nd5+ Bxd5 33. Rxd5
Rxd5 34. cxd5 c4 35. Kf1 Kd6 36. Ke2 Kxd5 37. Ke3 Ke5 38. f4+ exf3 39. Kxf3 b5
40. a3 h5 41. h4 g5 42. g3 a5 43. Ke3 a4 44. Kf3 Ke6 45. Ke3 Ke5 46. Bd1 g4 47.
Bc2 1-0

[Event "VI Open Internacional Memorial Pedro Lez"]
[Site "Ateneo Municipal de Vecindario"]
[Date "2013.03.27"]
[Round "3"]
[White "Marrero Cardenes, Agustin"]
[Black "Monteiro Rodrigues, Carlos"]
[Result "1-0"]
[WhiteElo "1959"]
[BlackElo "1570"]
[PlyCount "41"]
[EventDate "2013.03.25"]
[EventRounds "9"]
[EventCountry "ESP"]

1. d4 e5 2. dxe5 Nc6 3. Nf3 d6 4. Bg5 f6 5. exf6 Nxf6 6. Nc3 Be7 7. e3 Be6 8.
Bb5 O-O 9. O-O Nd5 10. Nxd5 Bxg5 11. Nxc7 Qxc7 12. Nxg5 Bd7 13. Bc4+ Kh8 14.
Nf7+ Rxf7 15. Bxf7 Ne5 16. Bd5 Rf8 17. f4 Bg4 18. Qd2 Ng6 19. Bf3 Bc8 20. Rad1
Qb6 21. Qd4 1-0

[Event "VI Open Internacional Memorial Pedro Lez"]
[Site "Ateneo Municipal de Vecindario"]
[Date "2013.03.27"]
[Round "3"]
[White "Julien Casteleiro, Ariel"]
[Black "Bismuth, Lea"]
[Result "0-1"]
[WhiteElo "1586"]
[BlackElo "1948"]
[PlyCount "96"]
[EventDate "2013.03.25"]
[EventRounds "9"]
[EventCountry "ESP"]

1. d4 Nf6 2. Nc3 g6 3. Bg5 Bg7 4. Nf3 d6 5. e4 Nbd7 6. Bb5 c6 7. Bd3 e5 8. d5
h6 9. Bd2 Nc5 10. O-O O-O 11. Qc1 cxd5 12. Re1 dxe4 13. Nxe4 Ncxe4 14. Bxe4 d5
15. Bb4 Nxe4 16. Bxf8 Qxf8 17. Qe3 Be6 18. c3 b6 19. a3 Qc5 20. Qxc5 bxc5 21.
c4 Rb8 22. Rab1 f5 23. cxd5 Bxd5 24. Red1 Ba2 25. Rbc1 Rxb2 26. Rd8+ Kh7 27.
Rd7 c4 28. Nxe5 c3 29. f3 c2 30. Rc7 Rb1 31. R7xc2 Bxe5 32. fxe4 Bf4 33. Rxb1
Bxb1 34. Rb2 Bxe4 35. g3 Be5 36. Rd2 Kg7 37. Kf1 Kf6 38. Rd7 a6 39. Kf2 Ke6 40.
Rd8 Bc6 41. Rd1 Bb2 42. Ke3 Bxa3 43. Kd4 a5 44. Kc4 a4 45. Rd3 Bb2 46. Kc5 a3
47. Rd6+ Ke5 48. Kxc6 a2 0-1

[Event "VI Open Internacional Memorial Pedro Lez"]
[Site "Ateneo Municipal de Vecindario"]
[Date "2013.03.27"]
[Round "3"]
[White "Aleman Alamo, Nicolas"]
[Black "Galvan Sarmiento, Jose Luis"]
[Result "0-1"]
[WhiteElo "1558"]
[BlackElo "1928"]
[PlyCount "116"]
[EventDate "2013.03.25"]
[EventRounds "9"]
[EventCountry "ESP"]

1. d4 e6 2. c4 d5 3. Nc3 Nf6 4. Nf3 c6 5. Bg5 dxc4 6. a4 Bb4 7. Bxf6 Qxf6 8. e3
b5 9. Be2 Bb7 10. O-O a6 11. Ne4 Qe7 12. Qc2 Nd7 13. b3 cxb3 14. Qxb3 Nb6 15.
a5 Nd5 16. Rfc1 O-O 17. Ne5 Rac8 18. Nd3 Bd6 19. Nec5 Bb8 20. Rc2 Rfd8 21. g3
g6 22. Bf3 h5 23. Rac1 h4 24. Kg2 hxg3 25. hxg3 Kg7 26. Rh1 Rh8 27. Rcc1 Rxh1
28. Rxh1 Rh8 29. Rxh8 Kxh8 30. e4 Nf6 31. Qb4 Qc7 32. Ne5 Kg7 33. Qd2 Bc8 34.
g4 Ba7 35. Qf4 Ne8 36. g5 Bb8 37. Qh4 Kg8 38. Ncd3 Ba7 39. Ng4 Bxd4 40. e5 c5
41. Nf6+ Nxf6 42. exf6 Qd8 43. Nf4 Qf8 44. Be4 Qd8 45. Nxg6 fxg6 46. Qh6 Bxf6
47. Qxg6+ Bg7 48. Qh5 Qe7 49. g6 Bb7 50. Qf3 Qg5+ 51. Kf1 Qc1+ 52. Kg2 Bxe4 53.
Qxe4 Qg5+ 54. Kf1 Qd5 55. Qg4 Qc4+ 56. Qxc4 bxc4 57. Ke2 Bc3 58. Kd1 Bxa5 0-1

[Event "VI Open Internacional Memorial Pedro Lez"]
[Site "Ateneo Municipal de Vecindario"]
[Date "2013.03.27"]
[Round "3"]
[White "Aguila Hernandez, Eduardo"]
[Black "Guerrero Orihuela, Jose Luis"]
[Result "1-0"]
[WhiteElo "1871"]
[BlackElo "1555"]
[PlyCount "55"]
[EventDate "2013.03.25"]
[EventRounds "9"]
[EventCountry "ESP"]

1. e4 c5 2. Nf3 e6 3. d4 cxd4 4. Nxd4 a6 5. Bd3 Nf6 6. O-O d6 7. a4 b6 8. Nc3
Bb7 9. f4 Be7 10. Qf3 O-O 11. Be3 Nbd7 12. g4 g6 13. Rf2 Rc8 14. g5 Nh5 15.
Nde2 f5 16. Ng3 Nxg3 17. Qxg3 Nc5 18. Bxc5 dxc5 19. exf5 exf5 20. Bc4+ Kh8 21.
Rd1 Qc7 22. Nd5 Bxd5 23. Rxd5 Qb7 24. Qc3+ Bf6 25. gxf6 h6 26. f7+ Kh7 27. Rd6
Qe7 28. Rxg6 1-0

[Event "VI Open Internacional Memorial Pedro Lez"]
[Site "Ateneo Municipal de Vecindario"]
[Date "2013.03.27"]
[Round "3"]
[White "Baez Ruiz, Victor"]
[Black "Fernandez De La Hoz, A Carlos"]
[Result "0-1"]
[WhiteElo "1552"]
[BlackElo "1871"]
[PlyCount "104"]
[EventDate "2013.03.25"]
[EventRounds "9"]
[EventCountry "ESP"]

1. e4 e5 2. Nf3 Nc6 3. Bb5 a6 4. Ba4 Nf6 5. O-O b5 6. Bb3 Be7 7. d3 O-O 8. c3
d6 9. h3 Na5 10. Bc2 Ne8 11. b4 Nb7 12. Bb3 a5 13. a3 c5 14. c4 axb4 15. cxb5
bxa3 16. Nxa3 Bd7 17. Bd2 Nf6 18. Nh2 Na5 19. Ba2 Qe8 20. Rb1 Nb7 21. Bc1 Bxb5
22. Rxb5 Rxa3 23. Bxf7+ Rxf7 24. Rxb7 Qa8 25. Rb3 $11 Ra6 26. f4 c4 27. dxc4
Nxe4 28. fxe5 Rxf1+ 29. Nxf1 dxe5 30. Qd5+ Qxd5 31. cxd5 Ra1 32. Rb8+ Kf7 33.
Rc8 Bc5+ 34. Rxc5 Nxc5 35. Bb2 Rd1 36. Bxe5 Rxd5 37. Bh2 Ne4 38. g3 Rb5 39. Ne3
Rb3 40. Nf1 Ke6 41. h4 Rb2 42. g4 Nf6 43. g5 Ng4 44. Bf4 Kf5 45. Bc1 Rb1 46.
Bd2 Ke4 47. Kg2 g6 48. Ng3+ Kd5 49. Kf3 Ne5+ 50. Ke2 Rb2 51. Kd1 Nf3 52. Bc3
Rg2 0-1

[Event "VI Open Internacional Memorial Pedro Lez"]
[Site "Ateneo Municipal de Vecindario"]
[Date "2013.03.27"]
[Round "3"]
[White "Saad Addin Quintana, Samir N"]
[Black "Biscarri Candalia, Oscar"]
[Result "1-0"]
[WhiteElo "1858"]
[BlackElo "1537"]
[PlyCount "53"]
[EventDate "2013.03.25"]
[EventRounds "9"]
[EventCountry "ESP"]

1. e4 c5 2. Nf3 d6 3. d4 cxd4 4. Nxd4 Nf6 5. Nc3 g6 6. Be2 Bg7 7. O-O O-O 8.
Be3 Nc6 9. Nb3 Be6 10. f4 Qc8 11. Bf3 Ng4 12. Bc1 Rd8 13. h3 Bxb3 14. Bxg4 Be6
15. Be3 Bxg4 16. hxg4 e5 17. f5 gxf5 18. gxf5 f6 19. Kf2 Rd7 20. Rh1 Qf8 21.
Rh3 Rc8 22. Qh5 Bh8 23. Rg3+ Bg7 24. Rh1 Nd4 25. Qxh7+ Kf7 26. Qg6+ Kg8 27.
Rgh3 1-0